00788nam a2200241Ia 4500001000900000003000500009005001700014008004100031010001100072020002200083040000900105082001700114100003100131245012400162260003500286300000900321650004000330650005100370650002100421650003800442700002800480700003800508dia_7320CHAP20251021154241.0220117s2017 xx 000 0 und d a178524 a978-607-622-857-9 cCHAP a539 M66 20171 aMonsalvo Vázquez, Raúl aProblemas resueltos de fisicoquímica /c Raúl Monsalvo Vázquez, Antonio Reyes Chumacero y Luis A. Pérez Monroy aMéxico :b Alfaomega,c2017 a2 t.10aChemistry, physical and theoretical aFisicoquímicaxProblemas, ejercicios, etc.  0aPhysicochemistry aQuímica, física y teórica 1 aPérez Monroy, Luis A. aReyes Chumacero, Antonio, coaut.